000 00291nam a22001337a 4500
008 170911b xxu||||| |||| 00| 0 eng d
020 _a99780201834369
041 _aeng
080 _a53
100 _a43
101 _aFIZ
245 _aNONCLASSICAL PHYSICS
_cHARRIS,R
942 _2udc
_cBK
999 _c27149
_d27149